Loading...
| Current Events | 3 | 13.33 | 100% | 33% | 0% |
| Fine Arts - Auditory Fine Arts | 7 | 18.57 | 100% | 71% | 14% |
| Fine Arts - Other Fine Arts | 6 | 23.33 | 100% | 83% | 50% |
| Fine Arts - Visual Fine Arts | 7 | 14.29 | 100% | 43% | 0% |
| Geography | 6 | 11.67 | 83% | 33% | 0% |
| History - American History | 5 | 18.00 | 100% | 80% | 0% |
| History - Ancient/Other History | 8 | 15.00 | 100% | 50% | 0% |
| History - European History | 5 | 14.00 | 100% | 40% | 0% |
| History - World History | 6 | 16.67 | 100% | 67% | 0% |
| Literature - American Literature | 3 | 16.67 | 100% | 67% | 0% |
| Literature - British Literature | 5 | 16.00 | 100% | 60% | 0% |
| Literature - European Literature | 4 | 15.00 | 100% | 25% | 25% |
| Literature - World Literature | 6 | 20.00 | 100% | 83% | 17% |
| Mythology | 1 | 20.00 | 100% | 100% | 0% |
| Other Academic | 2 | 15.00 | 100% | 50% | 0% |
| Philosophy | 5 | 16.00 | 60% | 80% | 20% |
| Religion | 5 | 10.00 | 80% | 20% | 0% |
| Science - Biology | 4 | 15.00 | 100% | 50% | 0% |
| Science - Chemistry | 8 | 10.00 | 88% | 13% | 0% |
| Science - Other Science | 6 | 20.00 | 100% | 83% | 17% |
| Science - Physics | 7 | 18.57 | 100% | 71% | 14% |
| Social Science | 9 | 14.44 | 89% | 44% | 11% |